| 000 | 00629cam a22002175i 4500 | ||
|---|---|---|---|
| 999 |
_c10372 _d10372 |
||
| 005 | 20220315191243.0 | ||
| 008 | 160815s2017 nju 000 0 eng | ||
| 010 | _a 2016951186 | ||
| 020 | _a9781935677659 (alk. paper) | ||
| 040 |
_aDLC _beng _erda _cDLC |
||
| 042 | _apcc | ||
| 082 |
_a720.95475 _bDES |
||
| 100 | 1 | _aDesai, Catherine. | |
| 245 | 1 | 4 |
_aThe architecture of Hasmukh C Patel : _bselected projects 1963-2003 / _cCatherine Desai, Bomal Patel. |
| 250 | _a1st edition. | ||
| 263 | _a1701 | ||
| 300 | _apages cm | ||
| 906 |
_a0 _bibc _corignew _d2 _eepcn _f20 _gy-gencatlg |
||
| 942 | _2ddc | ||